000
00292nam a2200133Ia 4500
008
230917s9999||||xx |||||||||||||| ||und||
040
_e
134124
_a
MAIN
041
_a
English
082
_a
954.01 J930A
100
_a
James
245
0
_a
All possible world
300
_a
618p p.
942
_c
BK
999
_c
232592
_d
232592